000 00633nam a22002177a 4500
008 160105b xxu||||| |||| 00| 0 eng d
020 _a9780077410698
020 _a0077410696
041 0 _aeng
080 _a658.15
100 1 _aBrealey, Richard A.
245 0 0 _aSolutions manual for fundamentals of corporate finance /
_cRichard A. Brealey, Stewart C. Myers, Alan J. Marcus.
250 _a7th ed.
260 _aNew York :
_bMcGraw-Hill/Irwin,
_cc2012.
300 _a24-6 f. :
_bme il.:
_c29 cm.
650 0 _aFinanca
650 0 _aKorporatë
700 1 _aMyers, Stewart C.
700 1 _aMarcus, Alan J.
942 _2udc
_cBK
999 _c1408
_d1408